000 00728nam a2200205Ia 4500
001 b3809-26307 [5328]
003 IT-MiCISF
008 161014s9999||||xx |||||||||||||| ||und||
040 _aIT-MiCISF
_cIT-MiCISF
041 _ait
100 _aStettini Piero
245 0 _aSessualità e amore
_bGuida all'educazione sessuale
250 _a1a ed.
260 _a Firenze
_bGiunti
_c1996
300 _app. 191
500 _a / pubertà, sessualità, pornografia, coppia, matrimonio, omosessualità, verginità, masturbazione, prostituzione, corpo, adozione, affido, aborto, contraccezione, fecondità, metodi-naturali, consultori, patologie-sessuali /
650 _asessualità
942 _cBK
957 _71
999 _a26307
_bsi
_g1
_c213523
_d213523